Score 0/20 Timer 02:00
6 Plays Today
% Correct
Superman
93.6%
Spider-Man
93.4%
TMNT
93.2%
The Flash
93.2%
Captain America
93%
Joker
92.9%
The Hulk
92.5%
Batman
92.4%
Wonder Woman
92.2%
Green Lantern
92.2%
% Correct
Iron Man
89.6%
The Punisher
87.2%
Black Widow
85.4%
Wolverine
83.8%
Deadpool
83%
Daredevil
82.5%
Robin
81.7%
Aquaman
75.1%
Thor
74.3%
Doctor Strange
68.1%
Remove Ads.
Support Sporcle.
Get the best of Sporcle when you Go Orange. This ad-free experience offers more features, more stats, and more fun while also helping to support Sporcle. Thank you for becoming a member.

You're not logged in!

Compare scores with friends on all Sporcle quizzes.
OR
Log In

Show Comments

Extras

Top Quizzes Today


Score Distribution

Your Account Isn't Verified!

In order to create a playlist on Sporcle, you need to verify the email address you used during registration. Go to your Sporcle Settings to finish the process.

Report this User

Report this user for behavior that violates our Community Guidelines.

Details: